<?xml version="1.0" encoding="UTF-8"?>
<marc:record xmlns:marc="http://www.loc.gov/MARC21/slim">
   <marc:leader>00000nam a2200000 a 4500</marc:leader>
   <marc:datafield ind1="1" ind2=" " tag="100">
      <marc:subfield code="a">Salomon, Catherine</marc:subfield>
      <marc:subfield code="4">aut</marc:subfield>
      <marc:subfield code="e">Verfasser/-in</marc:subfield>
   </marc:datafield>
   <marc:datafield ind1=" " ind2=" " tag="653">
      <marc:subfield code="a">Deutsch</marc:subfield>
   </marc:datafield>
   <marc:datafield ind1=" " ind2=" " tag="653">
      <marc:subfield code="a">&#x80;Ferienheft</marc:subfield>
   </marc:datafield>
   <marc:datafield ind1="0" ind2="0" tag="245">
      <marc:subfield code="a">Ferienheft Deutsch 3</marc:subfield>
   </marc:datafield>
   <marc:datafield ind1="0" ind2="0" tag="245">
      <marc:subfield code="b">Zur Vorbereitung auf die 4. Klasse</marc:subfield>
   </marc:datafield>
   <marc:datafield ind1=" " ind2="1" tag="264">
      <marc:subfield code="b">Veritas-Verl.</marc:subfield>
      <marc:subfield code="c">2023</marc:subfield>
   </marc:datafield>
   <marc:datafield ind1="1" ind2=" " tag="520">
      <marc:subfield code="a">Das Deutsch-Ferienheft für die 3. Klasse Volksschule zur Vorbereitung auf die 4. Klasse präsentiert sich im übersichtlichen Layout und ist optimal strukturiert! In insgesamt drei Ferienwochen zu je fünf Lerntagen gelingt es, den gesamten Stoff des vergangenen Schuljahres abwechslungsreich und gut portioniert zu wiederholen. Damit holen die Kinder spielerisch bereits Gelerntes und Gewusstes aus den Tiefen des Vergessens zurück an die Oberfläche. Zur Auflockerung gibt es nach dem 5. und dem 10. Tag jeweils eine Doppelseite voll mit Rätselspaß! Dank des herausnehmbaren Lösungsheftes lassen sich die erledigten Aufgaben rasch überprüfen! Ein rundum stimmiges Ferienprogramm! Aus dem Inhalt: - Zeitwörter, Eigenschaftswörter - Zeitformen - Einzahl/Mehrzahl - ss oder ß - Anregungen zum Geschichten-Erzählen Nach Österreichischem Lehrplan!</marc:subfield>
   </marc:datafield>
   <marc:datafield ind1=" " ind2=" " tag="020">
      <marc:subfield code="a">9783710103766</marc:subfield>
      <marc:subfield code="9">9783710103766</marc:subfield>
   </marc:datafield>
</marc:record>
